| 000 | 00328nam a2200109Ia 4500 | ||
|---|---|---|---|
| 008 | 171211s9999 xx 000 0 und d | ||
| 245 | 4 | _aThe Wise Body: Conversations with Experienced Dancers | |
| 245 | _cFergus Early and Jacky Lansley | ||
| 260 | _c2011 | ||
| 650 | _xART | ||
| 856 | _uhttp://down.ebook777.com/062/1841504181.pdf | ||
| 999 |
_c348548 _d348548 |
||